[Event "Chinese Teams 2013"]
[Site "Qingdao CHN"]
[Date "2013.10.10"]
[Round "11.4"]
[White "Wei Yi"]
[Black "Wan Yunguo"]
[Result "1-0"]
[WhiteElo "2551"]
[BlackElo "2512"]

1.e4 e6 2.d4 d5 3.Nd2 Nf6 4.e5 Nfd7 5.f4 c5 6.c3 Nc6 7.Ngf3 Be7 8.Be2 O-O
9.O-O cxd4 10.cxd4 f5 11.Kh1 Nb6 12.Rg1 Bd7 13.g4 Rc8 14.gxf5 exf5 15.Nf1 a5
16.Ne3 Be6 17.a4 Nb4 18.b3 Qe8 19.Bd2 Qf7 20.Qf1 Nd7 21.Qh3 b6 22.Ng5 Bxg5
23.Rxg5 g6 24.Rag1 Rfe8 25.Nxf5 Bxf5 26.Rxf5 Qg7 27.Rfg5 Rc2 28.Bd3 Nxd3
29.Qxd3 Rc6 30.f5 Nf8 31.e6  1-0

[Event "Chinese Teams 2013"]
[Site "Qingdao CHN"]
[Date "2013.10.11"]
[Round "12.4"]
[White "Wei Yi"]
[Black "Ding Liren"]
[Result "0-1"]
[WhiteElo "2551"]
[BlackElo "2718"]

1.e4 c6 2.d4 d5 3.Nd2 dxe4 4.Nxe4 Nd7 5.Ng5 h6 6.Ne6 Qb6 7.Nxf8 Nxf8 8.Nf3 Nf6
9.c3 Bf5 10.Bc4 Ng6 11.O-O O-O 12.Qe2 Rad8 13.Ne5 e6 14.Nxg6 Bxg6 15.Bf4 Nd5
16.Be5 Rd7 17.a4 a5 18.h3 Qd8 19.Rfe1 Qg5 20.Qg4 Re8 21.Bg3 Bf5 22.Qf3 h5
23.Re5 h4 24.Bh2 Qg6 25.Kh1 Ra8 26.Rae1 Qh7 27.Bb3 f6 28.R5e2 g5 29.c4 Nb4
30.c5 Nd5 31.Bd6 Kf7 32.Bxd5 cxd5 33.Re3 Qg8 34.Qe2 Kg6 35.Rb3 Ra6 36.Rb5 Qc8
37.Qd2 b6 38.b4 axb4 39.Qxb4 bxc5 40.dxc5 d4 41.Qxd4 Qa8 42.Rb4 Bxh3 43.Qe4+ Qxe4
44.Rexe4 Bf5 45.Re3 Rda7 46.Ra3 Bc2 47.a5 Rxa5 48.Rxa5 Rxa5 49.c6 Bf5 50.c7 e5
51.Rb8 Ra1+ 52.Kh2 Rc1 53.Rg8+ Kf7 54.Rf8+ Kg7 55.Ra8 Rc6 56.Ra7 Kg6 57.Be7 g4
58.Bd8 Rc3 59.g3 Be4 60.Ra4 f5 61.Ra6+ Kh5 62.Ra1 Rc2 63.Bxh4 Rxc7 64.Bf6 Kg6
65.Ra6 Rh7+ 66.Bh4+ Kh5 67.Bf6 Bf3 68.Rb6 Rd7 69.Rb1 Kg6 70.Bh4 Kf7 71.Bg5 Ke6
72.Kg1 Kd5 73.Ra1 Kc4 74.Kf1 Kb3 75.Re1 e4 76.Ra1 f4 77.Ke1 e3 78.fxe3 Rh7
79.Kd2 Rh2+ 80.Kd3 Be2+ 81.Kd4 f3  0-1

[Event "Chinese Teams 2013"]
[Site "Qingdao CHN"]
[Date "2013.10.12"]
[Round "13.3"]
[White "Lou Yiping"]
[Black "Wei Yi"]
[Result "0-1"]
[WhiteElo "2484"]
[BlackElo "2551"]

1.d4 Nf6 2.c4 g6 3.Nc3 d5 4.cxd5 Nxd5 5.e4 Nxc3 6.bxc3 Bg7 7.Be3 c5 8.Nf3 Qa5
9.Qd2 O-O 10.Rc1 Rd8 11.d5 e6 12.Be2 exd5 13.exd5 Bg4 14.c4 Qxd2+ 15.Nxd2 Bxe2
16.Kxe2 Nd7 17.Ne4 b6 18.f4 Re8 19.Kf3 f5 20.Ng5 Nf8 21.Rhe1 h6 22.Nh3 Nd7
23.Nf2 Kf7 24.h3 a6 25.Nd3 Re4 26.Nf2 Ree8 27.Nd3 Re4 28.Nf2 Re7 29.Bd2 Rae8
30.Rxe7+ Rxe7 31.Be3 Bd4 32.Re1 b5 33.cxb5 axb5 34.Nd3 Rxe3+ 35.Rxe3 Bxe3
36.Kxe3 Ke7 37.Ne5 Nxe5 38.fxe5 g5 39.a3 h5 40.g3 c4 41.h4 gxh4 42.gxh4 Kd7
43.e6+ Kd6 44.Kd4  0-1

[Event "Chinese Teams 2013"]
[Site "Qingdao CHN"]
[Date "2013.10.13"]
[Round "14.5"]
[White "Wei Yi"]
[Black "Fang,Yan"]
[Result "1-0"]
[WhiteElo "2551"]
[BlackElo "2281"]

1.e4 c5 2.Nf3 e6 3.d4 cxd4 4.Nxd4 a6 5.Bd3 Qc7 6.O-O Nf6 7.Qe2 d6 8.f4 g6
9.Nc3 Bg7 10.e5 dxe5 11.Ndb5 axb5 12.Nxb5 Qe7 13.fxe5 O-O 14.exf6 Bxf6 15.a4 Nd7
16.c3 Bg7 17.Bf4 e5 18.b4 Ra6 19.a5 Re6 20.Bg3 h5 21.Bc4 Rf6 22.Rfe1 Rf5
23.Rad1 h4 24.Bf2 Nf6 25.Bc5  1-0

[Event "Chinese Teams 2013"]
[Site "Shijiazhuang CHN"]
[Date "2013.11.11"]
[Round "15.2"]
[White "Bu Xiangzhi"]
[Black "Wei Yi"]
[Result "0-1"]
[WhiteElo "2683"]
[BlackElo "2604"]

1.c4 Nf6 2.Nc3 e6 3.e4 d5 4.e5 d4 5.exf6 dxc3 6.bxc3 Qxf6 7.Nf3 Nc6 8.d4 e5
9.Bg5 Qg6 10.d5 Nb8 11.Be3 Nd7 12.Qa4 c6 13.Qa5 b6 14.Qa4 Bb7 15.Bd3 e4 16.Bc2 Bc5
17.Nd4 Ne5 18.Nxc6 Nxc6 19.Bxc5 bxc5 20.O-O O-O 21.dxc6 Bxc6 22.Qa5 Rac8
23.Rfe1 f5 24.Re2 Qg4 25.Kf1 Qh5 26.h3 f4 27.Bxe4 f3 28.gxf3 Qxh3+ 29.Kg1 Bxe4
30.Rxe4 Qxf3 31.Rae1 Qxf2+ 32.Kh1 Rc6  0-1

[Event "Chinese Teams 2013"]
[Site "Shijiazhuang CHN"]
[Date "2013.11.12"]
[Round "16.6"]
[White "Wei Yi"]
[Black "Li Chao2"]
[Result "1/2-1/2"]
[WhiteElo "2604"]
[BlackElo "2679"]

1.e4 c5 2.Nf3 d6 3.d4 cxd4 4.Nxd4 Nf6 5.Nc3 a6 6.Be3 e5 7.Nb3 Be7 8.Qd2 Be6
9.f3 O-O 10.O-O-O Nbd7 11.g4 b5 12.g5 b4 13.Ne2 Ne8 14.f4 a5 15.f5 a4 16.fxe6 axb3
17.cxb3 fxe6 18.Kb1 Nc7 19.Bg2 Na6 20.Bh3 Ndc5 21.Bxc5 Nxc5 22.Qxb4 Qe8 23.Qc4 d5
24.exd5 Qg6+ 25.Qc2 Qxc2+ 26.Kxc2 Rf2 27.Bg4 exd5 28.Rxd5 e4 29.Re5 Bd6 30.Rd5 Be7
31.a3 Raf8 32.Re5 R8f4 33.Rg1 Bd6 34.Rd5 Be7 35.Re5 Bd6 36.Rd5 Be7 37.Kc3 Rxg4
38.Rxg4 Rxe2 39.Re5 Bd6 40.Rd5 Be7 41.b4 Nd3 42.b5 Nxb2 43.Rd4 Bc5 44.Rgxe4 Nd1+
45.Kd3 Rxh2 46.Rd8+ Kf7 47.Rd7+ Kg6 48.Re6+ Kf5 49.Re1 Nb2+ 50.Kc3 Na4+ 51.Kd3 Rh3+
52.Kc2 Rc3+ 53.Kd1 Rxa3 54.Rxg7 Ra2 55.Rf7+ Kxg5 56.Rf3 Kg4 57.Rb3 h5 58.Re4+ Kf5
59.Rh4 Kg5 60.Rbh3  1/2-1/2

[Event "Chinese Teams 2013"]
[Site "Shijiazhuang CHN"]
[Date "2013.11.13"]
[Round "17.1"]
[White "Wei Yi"]
[Black "Zeng,C"]
[Result "1/2-1/2"]
[WhiteElo "2604"]
[BlackElo "2497"]

1.e4 e5 2.Nf3 Nc6 3.Bb5 Nf6 4.O-O Nxe4 5.d4 Nd6 6.dxe5 Nxb5 7.a4 Nbd4 8.Nxd4 d5
9.exd6 Nxd4 10.Qxd4 Qxd6 11.Qe3+ Be6 12.Nc3 a6 13.Rd1 Qc6 14.Rd3 Bd6 15.Nb5 O-O
16.Nxd6 cxd6 17.Qg3 Bf5 18.Rc3 Qd5 19.Bf4 Rac8 20.Rxc8 Rxc8 21.c3 Re8 22.Be3 Re6
23.Qh4 h6 24.Qd4 Qxd4 25.cxd4 Re8 26.Rc1 Rc8 27.a5 Rxc1+ 28.Bxc1 Kf8 29.Kf1 Ke7
30.Ke2 Ke6 31.Ke3 Kd5 32.Bd2 g5 33.Bb4 Bg6 34.f4 f6 35.g3 g4  1/2-1/2

[Event "Chinese Teams 2013"]
[Site "Shijiazhuang CHN"]
[Date "2013.11.14"]
[Round "18.6"]
[White "Kobalia,M"]
[Black "Wei Yi"]
[Result "1/2-1/2"]
[WhiteElo "2649"]
[BlackElo "2604"]

1.e4 c5 2.Nf3 d6 3.d4 cxd4 4.Nxd4 Nf6 5.Nc3 a6 6.Be3 e5 7.Nf3 Be7 8.Bc4 O-O
9.O-O Nc6 10.Bb3 Be6 11.Bg5 Nd7 12.Bxe7 Qxe7 13.Nd5 Qd8 14.Qe2 Nc5 15.Rad1 Rc8
16.Rd2 Bg4 17.Qe3 Kh8 18.h3 Bxf3 19.Qxf3 Qg5 20.Qe3 Qxe3 21.Nxe3 Nxe4 22.Rdd1 Rcd8
23.Bd5 Nf6 24.Bxc6 bxc6 25.Nc4 Nd5 26.Na5 Ne7 27.Nc4 Nc8 28.Rd3 f6 29.Ra3 d5
30.Nd2 Ne7 31.Rxa6 Kg8 32.a4 Ra8 33.Rxa8 Rxa8 34.Ra1 Kf7 35.Nb3 Ke6 36.Nc5+ Kd6
37.Nb7+ Kc7 38.Nc5 d4 39.c3 Kd6 40.cxd4 exd4 41.Rc1 Nd5 42.Nb7+ Kc7 43.Nc5 Kd6
44.Nb7+ Ke7 45.Rc4 Nb6 46.Rxd4 Rxa4 47.Rd2 Ra1+ 48.Kh2 Ra7  1/2-1/2

[Event "Chinese Teams 2013"]
[Site "Tianjin CHN"]
[Date "2013.12.21"]
[Round "19.2"]
[White "Wei Yi"]
[Black "Wu Wenjin"]
[Result "1-0"]
[WhiteElo "2604"]
[BlackElo "2355"]

1.e4 e5 2.Nf3 Nc6 3.Bc4 Be7 4.d4 d6 5.Nc3 Nxd4 6.Nxd4 exd4 7.Qxd4 Bf6 8.Qd5 Bxc3+
9.bxc3 Qe7 10.Bb5+ Kd8 11.Qd4 Nf6 12.f3 c5 13.Qa4 Qe5 14.O-O Kc7 15.Rb1 b6
16.Qb3 Be6 17.c4 Bd7 18.Bb2 Qe6 19.a4 Bxb5 20.axb5 a5 21.bxa6 Rxa6 22.Rfd1 Rha8
23.Qe3 Nd7 24.Rd5 Ra2 25.Qb3 f6 26.Rbd1 Qe7 27.h3 R8a6 28.Kh2 Nf8 29.Bc1 Ng6
30.f4 Ra1 31.Qg3 R6a4 32.f5 Ne5 33.Rxd6 Rxc1 34.Re6 Qxe6 35.fxe6 Rxd1 36.Qxg7+ Nd7
37.e7 Ra8 38.Qxh7 Rd4 39.Qf7  1-0

[Event "Chinese Teams 2013"]
[Site "Tianjin CHN"]
[Date "2013.12.22"]
[Round "20.5"]
[White "Zhou Weiqi"]
[Black "Wei Yi"]
[Result "1/2-1/2"]
[WhiteElo "2622"]
[BlackElo "2604"]

1.Nf3 Nf6 2.c4 e6 3.g3 Be7 4.Bg2 O-O 5.O-O d5 6.d4 dxc4 7.Qc2 a6 8.a4 Nc6
9.Qxc4 Qd5 10.Nbd2 Rd8 11.e3 a5 12.b3 Qh5 13.Bb2 Bd7 14.h3 Be8 15.e4 Rac8
16.Rad1 h6 17.Rfe1 Nb4 18.Ne5 Nd7 19.Ndf3 Nxe5 20.Nxe5 Bd6 21.Ng4 b5 22.axb5 Bxb5
23.Qc3 Nd3 24.Rxd3 Bb4 25.Qc1 Bxd3 26.Re3 Bb5 27.Qd1 Qg6 28.d5 f6 29.Rf3 Qxe4
30.Rxf6 Rxd5 31.Qc1 Bd2 32.Qa1 Qc2 33.Rxe6 Rd7 34.Bxg7 Rxg7 35.Qe5 Kh8 36.Qxb5 Rf8
37.Rf6 Qc1+ 38.Kh2 Qa3 39.f4 Rxf6 40.Nxf6 Qf8 41.Nh5 Re7 42.Qd3 Be1 43.Qd4+ Rg7
44.f5 c5 45.Qe3 Qe7 46.Qxh6+ Rh7 47.Qg6 Qf7 48.Bf3 c4 49.bxc4 a4 50.Qd6 Rxh5
51.Bxh5 Qxh5 52.Qe5+ Kh7 53.Qe7+ Kg8 54.Qxe1 Qxf5 55.Qe8+ Kg7 56.Qe7+ Kg6
57.Qd6+ Qf6 58.Qd3+ Qf5 59.Qd6+ Qf6 60.Qd3+ Qf5 61.Qd2 a3 62.h4 Qf6 63.Qd3+ Qf5
64.Qd6+ Qf6 65.h5+ Kg5 66.Qxa3  1/2-1/2

[Event "Chinese Teams 2013"]
[Site "Tianjin CHN"]
[Date "2013.12.23"]
[Round "21.3"]
[White "Wei Yi"]
[Black "Ma Qun"]
[Result "1/2-1/2"]
[WhiteElo "2604"]
[BlackElo "2595"]

1.e4 e5 2.Nf3 Nc6 3.Bc4 Bc5 4.c3 Nf6 5.d4 exd4 6.cxd4 Bb4+ 7.Bd2 Bxd2+ 8.Nbxd2 d5
9.exd5 Nxd5 10.O-O O-O 11.Rc1 Nb6 12.Bb3 Bg4 13.h3 Bh5 14.Rc5 Bg6 15.Qc1 a5
16.a3 Re8 17.Qc3 a4 18.Ba2 Ne7 19.Re1 Rf8 20.Ne5 Nbd5 21.Qf3 c6 22.Ne4 Bxe4
23.Rxe4 Nf6 24.Rh4 Ng6 25.Nxg6 hxg6 26.Rg5 Nh7 27.Rgg4 g5 28.Rxh7 Kxh7 29.h4 g6
30.hxg5 Kg7 31.Qh3 Rh8 32.Qf3 Rf8 33.d5 cxd5 34.Qc3+ d4 35.Rxd4 Rc8 36.Bc4 Qxg5
37.Rh4+ Qf6 38.Rh7+ Kxh7 39.Qxf6 Rxc4 40.Qe7 Kg8 41.Qxb7 Rcc8 42.Qa6  1/2-1/2

[Event "Chinese Teams 2013"]
[Site "Tianjin CHN"]
[Date "2013.12.24"]
[Round "22.4"]
[White "Zhao Zong Yuan"]
[Black "Wei Yi"]
[Result "1-0"]
[WhiteElo "2579"]
[BlackElo "2604"]

1.e4 c5 2.Nf3 d6 3.d4 cxd4 4.Nxd4 Nf6 5.Nc3 g6 6.Bc4 Bg7 7.O-O O-O 8.Re1 Nc6
9.h3 Nxd4 10.Qxd4 Be6 11.Bxe6 fxe6 12.e5 Nh5 13.g4 Bxe5 14.Rxe5 dxe5 15.Qxd8 Rfxd8
16.gxh5 gxh5 17.Be3 Kf7 18.Kg2 a6 19.Ne4 Rac8 20.c3 Rc4 21.Kf3 Rf8 22.Bh6 Rg8
23.b3 Rcc8 24.c4 b5 25.cxb5 axb5 26.a4 Rgd8 27.Be3 Rd3 28.axb5 Rxb3 29.b6 Rc6
30.Nd2 Rb2 31.Rb1 Rxb1 32.Nxb1 Rc4 33.Nd2 Rb4 34.Ke2 Ke8 35.Nf3 Rb5 36.Ng5 h6
37.Nxe6 Kd7 38.Nc5+ Kc6 39.Ne4 Rb4 40.Kf3 h4 41.Nd2 Kd5 42.Kg2 Kd6 43.Bxh6 e4
44.Be3 Kd5 45.Kf1 Rb5 46.Ke2 Ra5 47.Bg5 Rb5 48.Bxh4 Rxb6 49.Bxe7 Re6 50.Bg5 Ke5
51.Be3 Re8 52.Bg5 Kf5 53.h4 Ra8 54.Kf1 Ra4 55.Kg2 Ra2 56.Nf1 Kg4 57.Ne3+ Kh5
58.Kg3 Rb2 59.Nd5 Kg6 60.Be3 Kf5 61.h5 Rb5 62.Nc3 Rb8 63.Ne2 Rg8+ 64.Kh3  1-0

[Event "23rd North American Open 2013"]
[Site "Las Vegas USA"]
[Date "2013.12.27"]
[Round "3.4"]
[White "Wei Yi"]
[Black "Yankovsky,R"]
[Result "1-0"]
[WhiteElo "2604"]
[BlackElo "2425"]

1.e4 c5 2.Nf3 d6 3.d4 cxd4 4.Nxd4 Nf6 5.Nc3 g6 6.Be3 Bg7 7.f3 Nc6 8.Qd2 O-O
9.O-O-O d5 10.Qe1 e5 11.Nxc6 bxc6 12.exd5 Nxd5 13.Bc4 Be6 14.Kb1 Rb8 15.Ne4 Qc7
16.Bc5 Rfd8 17.g4 a5 18.h4 h6 19.g5 h5 20.a4 Qb7 21.b3 Ra8 22.Kc1 Qc7 23.Qf2 Rd7
24.Rd2 Nf4 25.Bd6 Qd8 26.Bxe6 Nxe6 27.Rhd1 Nd4 28.Ba3 Rd5 29.f4 exf4 30.Bb2 Ne6
31.Bf6 Qd7 32.Bxg7 Kxg7 33.Qf3 Qc7 34.Rxd5 cxd5 35.Rxd5 Rd8 36.Rxd8 Qxd8
37.Qc3+ Kg8 38.Qe5 f3 39.Qc3 Nd4 40.Kb2 Nf5 41.Qxf3 Nxh4 42.Qf6 Qxf6+ 43.gxf6 Nf3
44.b4 axb4 45.Kb3 h4 46.a5 h3 47.a6 Nd4+ 48.Kxb4 h2 49.Nf2  1-0

[Event "23rd North American Open 2013"]
[Site "Las Vegas USA"]
[Date "2013.12.29"]
[Round "8.1"]
[White "Wei Yi"]
[Black "Gareev,T"]
[Result "1/2-1/2"]
[WhiteElo "2604"]
[BlackElo "2650"]

1.e4 e5 2.Nf3 Nc6 3.Bc4 Bc5 4.c3 Nf6 5.d4 exd4 6.cxd4 Bb4+ 7.Bd2 Nxe4 8.Bxb4 Nxb4
9.Bxf7+ Kxf7 10.Qb3+ d5 11.Ne5+ Ke6 12.Qxb4 Qf8 13.Qxf8 Rxf8 14.f3 Nd6 15.Nc3 c6
16.Kf2 Nf5 17.Rad1 Kd6 18.Rhe1 g6  1/2-1/2

[Event "Bay Area International 2014"]
[Site "Santa Clara USA"]
[Date "2014.01.02"]
[Round "1.4"]
[White "Wei Yi"]
[Black "Aleskerov,F"]
[Result "1-0"]
[WhiteElo "2607"]
[BlackElo "2331"]

1.e4 c6 2.d4 d5 3.Nd2 dxe4 4.Nxe4 Bf5 5.Ng3 Bg6 6.h4 h6 7.Nf3 Nd7 8.h5 Bh7
9.Bd3 Bxd3 10.Qxd3 Ngf6 11.Bd2 e6 12.O-O-O Be7 13.Kb1 O-O 14.Ne4 Nxe4 15.Qxe4 Nf6
16.Qe2 Qd5 17.Be3 Ng4 18.Bc1 c5 19.dxc5 Qxc5 20.Nd4 Nf6 21.g4 Rad8 22.c3 Nd5
23.f4 Qb6 24.Ka1 Bd6 25.g5 Nxf4 26.Qg4 f5 27.Qg1 e5 28.gxh6 Rf7 29.Bxf4 exd4
30.Qxd4 Qxd4 31.Rxd4 Bc7 32.Rxd8+ Bxd8 33.Rg1 Bc7 34.Bxc7 Rxc7 35.Kb1 Kh7
36.Rg5 Kxh6 37.Rxf5 b6 38.Kc2 Rc6 39.b4 a6 40.a4 Re6 41.Kb3 Rd6 42.Kc2 Re6
43.Kd3 Rd6+ 44.Kc4 Rc6+ 45.Kd4 Rd6+ 46.Rd5 Rf6 47.c4 Rf4+ 48.Kd3 Rf3+ 49.Ke4 Ra3
50.a5  1-0

[Event "Bay Area International 2014"]
[Site "Santa Clara USA"]
[Date "2014.01.03"]
[Round "2.2"]
[White "Yang,Dar"]
[Black "Wei Yi"]
[Result "1/2-1/2"]
[WhiteElo "2463"]
[BlackElo "2607"]

1.Nf3 Nf6 2.g3 g6 3.Bg2 Bg7 4.O-O O-O 5.c4 d5 6.d4 dxc4 7.Na3 c3 8.bxc3 c5
9.Nc4 Nc6 10.Nce5 Nd5 11.Bb2 Qa5 12.Qc2 Nxe5 13.Nxe5 Nb6 14.Nd3 Na4 15.Ba3 Bf5
16.e4 Nxc3 17.exf5 Qxa3 18.dxc5 Rad8 19.Rae1 Nb5 20.Nf4 Nd4 21.Qc4 Nxf5 22.Bxb7 Rd4
23.Qc2 Bh6 24.Nd5 Rd2 25.Qc4 e6 26.Nf6+ Kg7 27.Ne4 Rd4 28.Qb3 Qa5 29.g4 Ne7
30.Qg3 Kh8 31.Rd1 Qb4 32.Qe5+ Bg7 33.Rxd4 Qxb7 34.Qd6 Nc6 35.Rdd1 Ne5 36.f3 Nxf3+
37.Rxf3 Qxe4 38.Qf4 Qe2 39.Rd2 Qb5 40.Qd6 Qc4 41.h3 Kg8 42.Kg2 Qe4 43.c6 Be5
44.Qd7 Qc4 45.Rdf2 g5 46.Rxf7 Qe4+ 47.R2f3 Rb8 48.Qd2 Rb2 49.Qxb2 Bxb2 50.c7 Qc2+
51.Kf1 Bd4 52.Ke1 Bc3+ 53.Kf1 Qc1+ 54.Kf2 Qc2+  1/2-1/2

[Event "Bay Area International 2014"]
[Site "Santa Clara USA"]
[Date "2014.01.03"]
[Round "3.6"]
[White "Wei Yi"]
[Black "Bregadze,L"]
[Result "1/2-1/2"]
[WhiteElo "2607"]
[BlackElo "2417"]

1.e4 d6 2.d4 g6 3.Nc3 Bg7 4.Nf3 Bg4 5.Be3 Nd7 6.h3 Bxf3 7.Qxf3 e6 8.Bc4 Ne7
9.h4 h6 10.O-O-O c6 11.Qg3 d5 12.Bb3 b5 13.exd5 exd5 14.h5 g5 15.f4 Nf5 16.Qh3 Nxe3
17.Qxe3+ Qe7 18.Qd2 O-O-O 19.Rhe1 Qd6 20.Ne2 Nf6 21.a4 Ne4 22.Qa5 Qc7 23.Qa6+ Qb7
24.axb5 Qxa6 25.bxa6 Bf6 26.Kb1 Kc7 27.c4 Rb8 28.Kc2 dxc4 29.Bxc4 Nd6 30.Bd3 Rb4
31.fxg5 Bxg5  1/2-1/2

[Event "Bay Area International 2014"]
[Site "Santa Clara USA"]
[Date "2014.01.04"]
[Round "4.5"]
[White "De Guzman,R"]
[Black "Wei Yi"]
[Result "0-1"]
[WhiteElo "2409"]
[BlackElo "2607"]

1.d4 Nf6 2.Nf3 g6 3.Bg5 Bg7 4.Nbd2 d6 5.c3 Nbd7 6.e4 h6 7.Bh4 Nh5 8.Bc4 g5
9.Bg3 e6 10.Ng1 Nxg3 11.hxg3 Qe7 12.Ne2 Nf6 13.Bd3 Bd7 14.Qb3 Bc6 15.f3 h5
16.Qa3 a5 17.Qb3 a4 18.Qc2 e5 19.Nc4 Bd7 20.O-O-O O-O-O 21.Ne3 g4 22.Kb1 Kb8
23.Nf5 Bxf5 24.exf5 Qe8 25.Rde1 Qc6 26.Rhf1 Rhe8 27.dxe5 dxe5 28.Rd1 Bh6
29.Be4 Qc4 30.Bd3 Qc6 31.Be4 Qa6 32.a3 Be3 33.Rxd8+ Rxd8 34.Rd1 Rxd1+ 35.Qxd1 gxf3
36.gxf3 Nxe4 37.fxe4 Qc4 38.Qh1  0-1

[Event "Bay Area International 2014"]
[Site "Santa Clara USA"]
[Date "2014.01.05"]
[Round "5.4"]
[White "Wei Yi"]
[Black "Friedel,J"]
[Result "1/2-1/2"]
[WhiteElo "2607"]
[BlackElo "2490"]

1.e4 e5 2.Nf3 Nc6 3.Nc3 Nf6 4.Bb5 Bb4 5.O-O O-O 6.d3 Bxc3 7.bxc3 d6 8.Bg5 Qe7
9.Re1 Nd8 10.d4 Ne6 11.Bd2 c5 12.h3 Rd8 13.a4 Nf8 14.Nh4 h6 15.Qf3 d5 16.exd5 e4
17.Bc4 cxd4 18.cxd4 Qc7 19.Qb3 g5 20.f3 e3 21.Bxe3 Kg7 22.Bd3 gxh4 23.c4 Ng6
24.Bf2 Qf4 25.Bxg6 Kxg6 26.Re5 Kg7 27.Be3 Qg3 28.Bf2 Qf4 29.Qc3 Rg8 30.Be3 Qg3
31.Bf2 Qf4 32.Qc1 Qxc1+ 33.Rxc1 a5 34.Bxh4 Bd7 35.Ra1 Rae8 36.f4 Ne4 37.Rb1 Bxa4
38.Rxb7 Nd6 39.Rc7 Rc8 40.Rxc8 Rxc8 41.c5 Nc4 42.Re7 Ra8 43.d6 Bb5 44.Rb7 Ba6
45.Rc7 a4 46.d7 a3 47.Ra7 a2 48.Bf6+ Kxf6 49.Rxa8 a1=Q+ 50.Kh2 Qxd4 51.d8=Q+ Qxd8
52.Rxd8 Bb7 53.Rb8 Bd5 54.g4 Na5 55.Rd8 Be4 56.Rd4 Bf3 57.Kg3 Bh1 58.Rd1 Be4
59.Ra1 Nc6 60.Re1 Bd5 61.Kh4 Kg7 62.Rd1 Ne7 63.Kg3 Kg6 64.f5+ Kg7 65.Kf4 f6
66.h4 Kf7 67.Ra1 Nc6 68.Ra8 Bg2 69.Rh8 Kg7 70.Rc8 Ne7 71.Rc7 Kf8 72.Ra7 Bh1
73.Rd7 Ke8 74.Rd1 Bc6 75.Rd6 Kf7 76.Rd3 Nd5+ 77.Kg3 Ne7 78.Rd6 Bh1 79.Rd7 Ke8
80.Ra7 Kf8 81.Kf2 Ke8 82.Ke3 Bg2 83.Kf4 Bh1 84.g5 hxg5+ 85.hxg5 fxg5+ 86.Kxg5 Be4
87.f6 Nc6 88.Ra4 Bd5 89.Kg6 Ne5+ 90.Kg7 Kd7 91.Ra6 Kc7 92.Rd6 Bb3  1/2-1/2

[Event "Bay Area International 2014"]
[Site "Santa Clara USA"]
[Date "2014.01.05"]
[Round "6.5"]
[White "Wang Jue"]
[Black "Wei Yi"]
[Result "0-1"]
[WhiteElo "2396"]
[BlackElo "2607"]

1.e4 c5 2.Nf3 d6 3.d4 cxd4 4.Nxd4 Nf6 5.Nc3 a6 6.Be3 e5 7.Nb3 Be7 8.f3 Be6
9.Qd2 O-O 10.O-O-O Nbd7 11.g4 b5 12.Rg1 Nb6 13.Na5 Qc7 14.g5 Nh5 15.Kb1 d5
16.exd5 Nxd5 17.Nxd5 Bxd5 18.Be2 Rfd8 19.Qe1 Rac8 20.Rc1 b4 21.Nb3 a5 22.Nd2 a4
23.Ne4 Qc6 24.Bd3 Be6 25.Qh4 Qd5 26.b3 axb3 27.axb3 Qa5 28.Rcd1 Bxb3 29.cxb3 Ra8  0-1

[Event "Bay Area International 2014"]
[Site "Santa Clara USA"]
[Date "2014.01.06"]
[Round "7.2"]
[White "Wei Yi"]
[Black "Mikhalevski,V"]
[Result "1/2-1/2"]
[WhiteElo "2607"]
[BlackElo "2536"]

1.e4 e5 2.Nf3 Nc6 3.Nc3 Nf6 4.Bb5 Bb4 5.O-O O-O 6.d3 d6 7.Bg5 Ne7 8.Nh4 c6
9.Bc4 d5 10.Bb3 Qd6 11.f4 Bxc3 12.bxc3 dxe4 13.fxe5 Qxe5 14.Qd2 Ng4 15.Qf4 Qxf4
16.Rxf4 Nd5 17.Rxe4 Nxc3 18.Re7 a5 19.Bd2  1/2-1/2

[Event "Bay Area International 2014"]
[Site "Santa Clara USA"]
[Date "2014.01.08"]
[Round "9.4"]
[White "Wei Yi"]
[Black "Bryant,J"]
[Result "1-0"]
[WhiteElo "2607"]
[BlackElo "2410"]

1.e4 g6 2.d4 Bg7 3.Nc3 d6 4.Nf3 Nf6 5.Be3 O-O 6.Qd2 a6 7.Bh6 b5 8.Bd3 Bb7
9.h4 b4 10.Nd5 Nxd5 11.exd5 Bxd5 12.h5 Bxf3 13.hxg6 hxg6 14.gxf3 e6 15.O-O-O Nc6
16.Bg5 Bf6 17.Rdg1 Nxd4 18.Qf4 Nf5 19.Bxf5 exf5 20.Bh6 Qe7 21.Qc4 Qe5 22.Rxg6+ Kh7
23.Bxf8+  1-0

[Event "Gibraltar Masters 2014"]
[Site "Caleta ENG"]
[Date "2014.01.28"]
[Round "1.26"]
[White "Wei Yi"]
[Black "Zvarik,M"]
[Result "1-0"]
[WhiteElo "2607"]
[BlackElo "2216"]

1.e4 e5 2.Nf3 Nc6 3.Nc3 Nf6 4.Bb5 d6 5.O-O Be7 6.d4 exd4 7.Nxd4 Bd7 8.Nxc6 bxc6
9.Bd3 Bc8 10.f4 a5 11.b3 Nd7 12.Bb2 Nc5 13.Bc4 O-O 14.Qd4 Ne6 15.Qd3 Bf6
16.Rae1 Bd4+ 17.Kh1 d5 18.exd5 cxd5 19.Bxd5 Ba6 20.Bc4 Nc5 21.Qh3 Bxc4 22.bxc4 Ra6
23.Ba3 Rh6 24.Qf3 Re8 25.Rxe8+ Qxe8 26.Nb5 Ne6 27.Re1 Qd8 28.h3 g6 29.Rxe6  1-0

[Event "Gibraltar Masters 2014"]
[Site "Caleta ENG"]
[Date "2014.01.29"]
[Round "2.22"]
[White "Houska,Jo"]
[Black "Wei Yi"]
[Result "0-1"]
[WhiteElo "2414"]
[BlackElo "2607"]

1.d4 Nf6 2.Nf3 c5 3.d5 b5 4.a4 Qa5+ 5.Bd2 b4 6.c4 g6 7.Qc2 Bg7 8.e4 d6 9.Bd3 Nbd7
10.h3 O-O 11.O-O e5 12.Be3 Nh5 13.Re1 Qd8 14.Nbd2 h6 15.Nb3 g5 16.g3 Ndf6
17.Bf1 Bd7 18.Kh1 Kh8 19.a5 a6 20.Nxc5 dxc5 21.Bxc5 Re8 22.Bxb4 g4 23.hxg4 Nxg4
24.c5 Rg8 25.c6 Bc8 26.Ra3 Qf6 27.Bc5 Bf8 28.Bxf8 Nxf2+ 29.Qxf2 Nxg3+ 30.Kh2 Qf4  0-1

[Event "Gibraltar Masters 2014"]
[Site "Caleta ENG"]
[Date "2014.01.30"]
[Round "3.14"]
[White "Wei Yi"]
[Black "Henrichs,T"]
[Result "0-1"]
[WhiteElo "2607"]
[BlackElo "2477"]

1.e4 c5 2.Nf3 d6 3.d4 cxd4 4.Nxd4 Nf6 5.Nc3 a6 6.Bc4 e6 7.O-O b5 8.Bb3 Be7
9.Qf3 Qb6 10.Be3 Qb7 11.Qg3 O-O 12.f3 Kh8 13.Rad1 Nbd7 14.a3 Nc5 15.Ba2 Qc7
16.Kh1 Rb8 17.b4 Ncd7 18.Nde2 Bb7 19.Bd4 Rbc8 20.Bb3 Qb8 21.Qh3 Ne5 22.g4 Kg8
23.g5 Nfd7 24.f4 Nc4 25.Rf3 Rfe8 26.Bxg7 Kxg7 27.Qh6+ Kh8 28.Rh3 Nf8 29.Nd5 exd5
30.f5 d4 31.Ng3 Bxe4+ 32.Nxe4 Qb7 33.Rh4 Bxg5 34.Qxg5 Rxe4 35.Qf6+ Kg8 36.Qg5+ Ng6
37.Qg2 Re5  0-1

[Event "Gibraltar Masters 2014"]
[Site "Caleta ENG"]
[Date "2014.01.31"]
[Round "4.26"]
[White "Zude,A"]
[Black "Wei Yi"]
[Result "0-1"]
[WhiteElo "2400"]
[BlackElo "2607"]

1.e4 c5 2.b3 Nc6 3.Bb2 d6 4.Bb5 Nf6 5.Bxc6+ bxc6 6.d3 e5 7.Ne2 g6 8.O-O Bh6
9.f4 O-O 10.Qe1 Ng4 11.Qg3 f5 12.exf5 Bxf5 13.h3 exf4 14.Nxf4 Ne5 15.Nd2 Qg5
16.Qxg5 Bxg5 17.Bc3 Rae8 18.Kh2 Bf6 19.Ba5 Bg5 20.g3 h5 21.Rf2 h4 22.Raf1 hxg3+
23.Kxg3 Rf7 24.Ne4 Be7 25.h4 Rh7 26.Ng5 Bxg5 27.hxg5 Ng4 28.Rd2 Bd7 29.Re2 Rxe2
30.Nxe2 Ne3 31.Rf4 Bf5 32.d4 c4 33.Bd2 Rh3+ 34.Kf2 Nxc2 35.bxc4 Rh2+ 36.Kf3 Bd3  0-1

[Event "Gibraltar Masters 2014"]
[Site "Caleta ENG"]
[Date "2014.02.01"]
[Round "5.20"]
[White "Wei Yi"]
[Black "Galego,L"]
[Result "1-0"]
[WhiteElo "2607"]
[BlackElo "2465"]

1.e4 c5 2.Nf3 e6 3.d4 cxd4 4.Nxd4 a6 5.Bd3 Qc7 6.O-O Nf6 7.Qe2 d6 8.f4 Nc6
9.Nxc6 bxc6 10.Nd2 e5 11.b3 Be7 12.Bb2 Be6 13.Kh1 a5 14.fxe5 dxe5 15.Bc4 Bxc4
16.Nxc4 Nd7 17.Qh5 O-O 18.Nxe5 Nxe5 19.Bxe5 Qc8 20.Bxg7  1-0

[Event "Gibraltar Masters 2014"]
[Site "Caleta ENG"]
[Date "2014.02.02"]
[Round "6.12"]
[White "Nakar,Ey"]
[Black "Wei Yi"]
[Result "0-1"]
[WhiteElo "2398"]
[BlackElo "2607"]

1.e4 c5 2.Nf3 d6 3.d4 cxd4 4.Nxd4 Nf6 5.Nc3 a6 6.Be3 Ng4 7.Bc1 Nf6 8.Be3 e5
9.Nb3 Be7 10.f3 Be6 11.Qd2 O-O 12.O-O-O Qc7 13.Kb1 Rc8 14.Bd3 a5 15.Bb5 Na6
16.Na4 d5 17.Bb6 Qd6 18.Nxa5 d4 19.Qe2 Nb4 20.c3 Bxa2+ 21.Ka1 Be6 22.cxb4 Qxb4
23.Rc1 Bd7 24.Rc4 Bxb5 25.Rxb4 Bxe2 26.Rb3 Bc4 27.Nxc4 Rxc4  0-1

[Event "Gibraltar Masters 2014"]
[Site "Caleta ENG"]
[Date "2014.02.03"]
[Round "7.5"]
[White "Wei Yi"]
[Black "Harikrishna,P"]
[Result "1/2-1/2"]
[WhiteElo "2607"]
[BlackElo "2706"]

1.e4 e5 2.Nf3 Nc6 3.Bc4 Bc5 4.b4 Bb6 5.a4 a6 6.Nc3 Nf6 7.O-O d6 8.Nd5 O-O
9.Nxb6 cxb6 10.d3 Bg4 11.h3 Bxf3 12.Qxf3 b5 13.axb5 axb5 14.Rxa8 Qxa8 15.Bb3 Nd4
16.Qd1 Qa1 17.Be3 Qxd1 18.Rxd1 Nxb3 19.cxb3 Ra8 20.d4 Nxe4 21.dxe5 dxe5 22.Rd5 f6
23.Rxb5 Ra3 24.Rxb7 Rxb3 25.b5 f5 26.Rb8+ Kf7 27.Rb7+ Kg6 28.Rb6+ Kh5 29.g4+ Kh4
30.gxf5 Kxh3 31.Kf1 Nc3 32.Ke1 Rxb5 33.Re6 Rd5 34.Bd2 Ne4 35.Be3 Nf6 36.Re7 Rd7
37.Rxe5 Kg2 38.Bg5 Ng4 39.Ra5 h6 40.Bh4 Nh2 41.Ke2 Nf3 42.Bg3 h5 43.f6 g6
44.Ke3 Rf7 45.Ra6 h4 46.Kf4 h3 47.Ke4 h2 48.Bxh2 Nxh2 49.Kf4 Nf3 50.Rb6 Ra7
51.Rb5 Ra4+ 52.Ke3 Ra6 53.f7 Re6+ 54.Kd3 Rf6 55.Rb6 Rxf7 56.Rxg6+ Kxf2 57.Ra6 Rd7+
58.Ke4 Nd2+ 59.Ke5 Rd3 60.Kf4 Rd4+ 61.Kf5 Nc4 62.Ra1 Ne3+ 63.Ke5 Rh4 64.Ra8 Nc4+
65.Kf5 Kf3 66.Ra1 Rh5+ 67.Kf6 Ke4 68.Re1+ Ne3 69.Ke7 Rh6 70.Kd7 Kd4 71.Ra1 Ke5
72.Re1 Rd6+ 73.Kc7 Rd3 74.Kc6 Rc3+ 75.Kd7 Kd5 76.Rh1 Nf5 77.Rh5 Ke5 78.Rh1 Ra3
79.Kc6 Ne7+ 80.Kb5 Rf3 81.Kc4 Nf5 82.Re1+ Kd6 83.Rd1+ Kc6 84.Ra1 Rf4+ 85.Kd3 Rd4+
86.Kc3 Rd5 87.Kb4 Kb6 88.Rg1 Nd6 89.Rg6 Rd3 90.Rh6 Kc6 91.Rh8 Rg3 92.Rh5 Rf3
93.Rc5+ Kb6 94.Re5 Rf4+ 95.Kc3 Kc6 96.Kd3 Rh4 97.Rg5 Ne4 98.Rf5 Nc5+ 99.Ke3 Rh3+
100.Rf3 Rh5 101.Rf4 Kd5 102.Rd4+ Ke5 103.Rf4 Ne6 104.Re4+  1/2-1/2